Allende, Masón: la visión de un profano

Αποθηκεύτηκε σε:
Λεπτομέρειες βιβλιογραφικής εγγραφής
Κύριος συγγραφέας: Rocha, Juan Gonzalo (Συγγραφέας)
Μορφή: Βιβλίο
Γλώσσα:Ισπανικά
Έκδοση: Santiago Pax Chile 2008
Έκδοση:2a. ed
Θέματα:
Ετικέτες: Προσθήκη ετικέτας
Δεν υπάρχουν, Καταχωρήστε ετικέτα πρώτοι!

MARC

LEADER 00000nam a2200000 a 4500
001 UCH2450
003 CL-VaPUC
008 090611e20080000CL |||||||||||||||||spa|d
020 |a 9562621324 
082 0 4 |a 366.1  |b ROC  |2 21 
100 0 |a Rocha, Juan Gonzalo  |e author  |9 537268 
245 1 0 |a Allende, Masón: la visión de un profano 
250 |a 2a. ed 
300 |a 346 p 
942 |c BK 
945 |d 20090611 00:00:00  |a dcastane 
260 |a Santiago  |b Pax Chile  |c 2008 
500 |a Incluye CD doble con 2 discursos masónicos de Salvador Allende pronunciados en la Gran Logia de Chile como candidato presidencial y como Presidente Electo 
500 |a Incluye facsímil de su Testamento masónico 
500 |a En dos oportunidades, antes de asumir la Primera Magistratura, el doctor Salvador Allende Gossens concurre a la sede de la Gran Logia de Chile, donde pronuncia, improvisadamente, sendos discursos que son hoy un legado para Chile y la Orden Masónica. La primera vez que esto ocurre es el 14 de abril de 1970 y la segunda, el 16 de octubre de ese mismo año. Las dos alocuciones llegan a manos del periodista Juan Gonzalo Rocha, quien las pone a disposición del mundo masónico y profano para un mayor y mejor conocimiento del pensamiento y de los propósitos del Presidente Allende 
600 0 |a Allende Gossens, Salvador,   |d 1908-1973  |9 257222 
650 0 |a Masonería   |9 256238 
650 0 |a Partidos políticos  |9 254999 
650 0 |a Participación social  |9 256140 
650 7 |a DISCURSO POLITICO  |2 CL-VaPUC  |9 397970 
650 0 |a Socialismo  |9 255260 
651 7 |a CHILE  |2 CL-VaPUC  |9 537269 
583 |a last modification  |c 20090611 00:00:00  |k Rodrigo Vera 
999 |c 334190  |d 334188 
952 |0 0  |1 0  |4 0  |6 366_100000000000000_ROC_2008  |7 0  |8 A  |9 423028  |a BIBHIS  |b BIBHIS  |d 2019-11-22  |i 4560582  |o 366.1 ROC 2008  |p 4560582  |r 2025-01-20  |w 2019-11-22  |y BK  |k HIS 
952 |0 0  |1 0  |4 0  |6 366_100000000000000_ROC_2008  |7 0  |8 A  |9 423029  |a BIBHIS  |b BIBHIS  |d 2019-11-22  |h cd  |i 4560574  |o 366.1 ROC 2008  |p 4560574  |r 2019-11-22  |w 2019-11-22  |y BK  |k HIS